| 000 | 00399nam a2200169Ia 4500 | ||
|---|---|---|---|
| 003 | OSt | ||
| 005 | 20240409114658.0 | ||
| 008 | 170619s9999 xx 000 0 und d | ||
| 020 | _a978-9332556997 | ||
| 040 | _cIIMT ENGINEERING COLLEGE | ||
| 100 | _aGreenberg Baron | ||
| 245 | 0 | _aBehavior in organization | |
| 260 | _bNew Delhi P H I | ||
| 260 | _c2003 | ||
| 546 | _aENGLISH | ||
| 942 |
_2ddc _c02 |
||
| 999 |
_c22086 _d22086 |
||